Заявление членов Всероссийской директории о государственном перевороте в Омске в ночь на 18 ноября 1918 г.

RUSMARC
00004614nac2a22003133x 450
001d53f69bf-38d3-4b78-b6ae-bcf8724499bb
00520260122210433.0
100##$a20251128l1918 k y0rusy50 ca
1010#$arus
102##$aRU
105##$ay z |||||
1220#$ad19181118
2001#$aЗаявление членов Всероссийской директории о государственном перевороте в Омске в ночь на 18 ноября 1918 г.
$j18.11.1918
215##$a4 листа
$d37,8 х 24,3
251##$cДело
300##$aНа папке дела: б/д
300##$aЛист: 1 - затухаюший текст
300##$aМашинописный текст
461#0$1001ba5ce6de-57f1-4037-a7cb-ad30cd8d470c
$12001
$aКоллекция материалов штаба А. В. Колчака. (Составлена в Праге)
$1251
$cФонд
$1852
$gР
$j6219
462#0$1001ad5c8731-49e5-403a-a59d-5424dfecea32
$12001
$aДела постоянного хранения. 1918-1919 г.
$vД. 31
$1251
$cОпись
$1852
$j1
605##$3DITM\AF\0000004166
$aРоссия в лицах
$lколлекция
$2acquisition_prlib
605##$3DITM\AF\0000002775
$aВласть
$lколлекция
$2acquisition_prlib
607##$aОмск
6101#$aЗаявление
$aВсероссийская директория
$aГосударственный переворот
$a18 ноября 1918 г.
686##$a63.3(2)612-414.81ю11
$cИстория
$2rubbk
686##$a63.3(2)61-8ю11
$cИстория
$2rubbk
801#0$aRU
$bGA_RF
801#1$aRU
$bГлавНИВЦ
$c20251128
$2rusmarc
801#2$aRU
$bПБ им. Б.Н. Ельцина
$c20260122
$gRCR
$2rusmarc
852##$aГА РФ
$j31
937##$d200124070
$hГАРФ
035##$aRuPRLIB51081015
856##$uhttp://readingroom.main.prlib.ru/item.aspx?id_node=n200124070&mode=full
Формат отображения